[Event "GER-ch Youth-C"]
[Site "Willingen"]
[Date "2022.06.07"]
[Round "4"]
[White "Zheng, Yanchen"]
[Black "Lau, Lars"]
[Result "0-1"]
[WhiteElo "1111"]
[BlackElo "929"]
[PlyCount "152"]
[EventDate "2022.06.04"]
[EventType "swiss"]
[EventRounds "9"]
[EventCountry "GER"]
[SourceTitle "CBM 208 Extra"]
[Source "ChessBase"]
[SourceDate "2022.07.31"]
[SourceVersion "1"]
[SourceVersionDate "2022.07.31"]
[SourceQuality "1"]

1. d4 c5 2. dxc5 e6 3. c4 Bxc5 4. Nc3 Nc6 5. e3 Nf6 6. Bd3 b6 7. Nge2 Bb7 8. 0-0 Ne5 9. Nb5 a6 10. Nbd4 Bxd4 11. exd4 Neg4 12. f3 Nh6 13. b3 d5 14. a4 Qd6 15. Ba3 Qc6 16. Qc2 dxc4 17. Qxc4 Qd7 18. Qb4 Nd5 19. Qd2 Nf5 20. Rfe1 Nfe7 21. Rac1 0-0 22. Bb1 Rfc8 23. Nc3 Nxc3 24. Rxc3 Nf5 25. Bxf5 exf5 26. Re7 Qd5 27. Rce3 h6 28. R3e5 Qxb3 29. Qb2 Bd5 30. Qxb3 Bxb3 31. Rxf5 Be6 32. d5 Bxf5 33. d6 Re8 34. Rb7 b5 35. axb5 axb5 36. Bc5 h5 37. Rxb5 Bd3 38. Rb4 Bf5 39. Kf2 Ra2+ 40. Kg3 g5 41. h4 g4 42. Rd4 Ra5 43. Bb6 Ra6 44. Bc7 Ra3 45. d7 Bxd7 46. Rxd7 Ra7 47. Rd8 Rxd8 48. Bxd8 f5 49. fxg4 fxg4 50. Kf4 Kg7 51. Bg5 Ra3 52. g3 Rf3+ 53. Ke4 Rxg3 54. Bf4 Rf3 55. Kf5 Ra3 56. Be5+ Kf7 57. Kg5 g3 58. Kxh5 g2 59. Bh2 Ra5+ 60. Kg4 Ra1 61. Kf3 g1Q 62. Bxg1 Rxg1 63. Kf4 Kg6 64. Kf3 Kh5 65. Kf2 Rg8 66. Kf3 Kxh4 67. Kf4 Rf8+ 68. Ke4 Kg4 69. Ke5 Rf5+ 70. Ke6 Kf4 71. Kd6 Re5 72. Kd7 Ke4 73. Kd8 Re6 74. Kd7 Kd5 75. Kd8 Kc6 76. Kc8 Re8# 0-1